Archaeology in Essex to A.D. 1500 : in memory of Ken Newton /

Bibliographic Details
Other Authors: Newton, Kenneth Charles, Buckley, D. G.
Format: Book
Language:English
Published: London : Council for British Archaeology, 1980.
Series:Research report (Council for British Archaeology) ; no. 34.
Subjects:

MARC

Tag First Indicator Second Indicator Subfields
LEADER 00000cam a2200000 a 4500
001 in00000517692
005 20151013074249.0
008 811211s1980 enkabe b 11100 eng d
020 |a 0900312831 
035 |a (OCoLC)07989124 
035 |9 ACE6681AM 
040 |a IWA  |c IWA  |d TXA  |d UtOrBLW 
049 |a TXAM  |c [1003440] 
090 |a DA670.E7  |b A72 1980 
245 0 0 |a Archaeology in Essex to A.D. 1500 :  |b in memory of Ken Newton /  |c edited by D.G. Buckley. 
264 1 |a London :  |b Council for British Archaeology,  |c 1980. 
300 |a 130 :  |b illustrations, maps, plans ;  |c 30 cm. 
336 |a text  |b txt  |2 rdacontent 
337 |a unmediated  |b n  |2 rdamedia 
338 |a volume  |b nc  |2 rdacarrier 
490 1 |a CBA research report,  |x 0589-9036 ;  |v no. 34 
500 |a Papers from a conference held at Oulton Hall, Clacton, Esses from 10 to 12 March 1978. 
504 |a Includes bibliographical references and index. 
600 1 0 |a Newton, Kenneth Charles. 
650 0 |a Archaeology  |z England  |z Essex. 
651 0 |a Essex (England)  |x Antiquities. 
700 1 |a Newton, Kenneth Charles. 
700 1 |a Buckley, D. G. 
830 0 |a Research report (Council for British Archaeology) ;  |v no. 34. 
999 |a MARS 
999 f f |s a6257bf5-7a40-3bdc-984e-1bbf8912097c  |i 50f72978-d8c4-3e88-94fb-f50286dbff69  |t 0 
952 f f |p ric  |a Texas A&M University  |b Rellis Campus  |c Joint Library Facility  |d Remote Storage  |t 0  |e DA670.E7 A72 1980  |h Library of Congress classification  |i unmediated -- volume  |m A14807912920 
998 f f |a DA670.E7 A72 1980  |t 0  |l Remote Storage